Conjugaisons 3e groupe espagnol - Statistiques

Statistiques générales
  • Ce quiz a été pris 137 fois
  • Le résultat moyen est 44 sur 61
Statistiques - réponses
Verbe % Correct
monter subir
100%
él, ella, usted sube
96%
subes
96%
yo subo
96%
ellos, ellas, ustedes suben
93%
nosostros subimos
91%
vosostros subís
89%
yo subía
86%
él, ella, usted subía
86%
ellos, ellas, ustedes subían
86%
subías
86%
vosostros subíais
85%
nosostros subíamos
85%
yo subiré
84%
yo subí
83%
él, ella, usted subirà
83%
ellos, ellas, ustedes subiràn
83%
subiràs
83%
vosostros subiréis
83%
nosostros subiremos
83%
nosostros subimos
81%
subiste
80%
vosostros subisteis
80%
1 Imparfait 1
77%
ellos, ellas, ustedes subieron
77%
él, ella, usted subiò
77%
yo suba
75%
él, ella, usted suba
75%
vosostros subàis
75%
nosostros subamos
75%
ellos, ellas, ustedes suban
75%
subas
75%
sube
75%
2 Futur 2
74%
3 Prétérit 3
70%
10 Participe passé subido
69%
4 Impératif 4
68%
vosostros subid
68%
9 Gérondif subiendo
68%
5 Subjonctif présent 5
67%
6 Subjonctif imparfait 6
62%
8 Conditionnel 8
62%
yo subiría
58%
él, ella, usted subiría
58%
vosostros subiríais
58%
nosostros subiríamos
58%
ellos, ellas, ustedes subirían
58%
subirías
58%
7 Subjonctif imparfait (2) 7
56%
él, ella, usted subiera
52%
vosostros subierais
52%
nosostros subiéramos
52%
ellos, ellas, ustedes subieran
52%
subieras
52%
yo subiera
51%
yo subiese
46%
él, ella, usted subiese
46%
vosostros subieseis
46%
nosostros subiésemos
46%
ellos, ellas, ustedes subiesen
46%
subieses
46%
Aucun quiz correspondant
Distribution des résultats
% des personnes avec chaque résultat
Percentile par nombre de réponses
Votre historique - résultats
Vous n’avez pas pris ce quiz